Statistics for Largest city by second largest city

Click here to take the quiz!

General Stats

  • This quiz has been taken 25 times
    (12 since last reset)
  • The average score is 10 of 20

Answer Stats

HintAnswer% Correct
MelbourneSydney
100%
Los AngelesNew York City
91%
Cape TownJohannesburg
82%
OsakaTokyo
82%
MontrealToronto
82%
BeijingShanghai
73%
LahoreKarachi
55%
KanoLagos
55%
BusanSeoul
55%
GrazVienna
55%
HamhungPyongyang
45%
ArequipaLima
36%
LimassolNicosia
36%
Santiago de los CaballerosSanto Domingo
36%
LubumbashiKinshasa
27%
GomelMinsk
27%
Bobo-DioulassoOuagadougou
27%
Borgo MaggioreSerravalle
27%
CarrefourPort-Au-Prince
18%
TakeoPhnom Penh
0%

Score Distribution

Percentile by Number Answered

Percent of People with Each Score

Your Score History

You have not taken this quiz since the last reset